00551nam a2200181 i 450000100060000000300090000600500170001500700030003200800410003510000190007624501240009526000520021930000220027165000160029365000210030970000180033085200210034886739ES-MaACL20250727033922.0t|041215q1919 fr ||||1| fre d1 aKautsky, Karl.10aTerrorisme et communisme b: contribution á l'histoire des révolutions / cKarl Kautsky ; traduit par N. Stchoupak. aParis : b[J. Povolozky, c1919] (fImp. Union) a244 p. ; c20 cm. 4aTerrorismo. 7aComunismo2embne1 aStchoupak, N. aES-MaACLjF-1922